000 00493nam a2200205Ia 4500
003 OSt
005 20140319103319.0
008 140130s9999 xx 000 0 und d
020 _a9780516246345
050 _aPZ 8.3
_b.J424Me 2003
100 _aJensen, Patricia
245 _aThe mess /
_cPatricia Jensen.
260 _bScholastic,
_c1990.
_anew York :
300 _a32 p. :
_bcoll ill. ;
_c19 cm.
440 _v1
521 _aBR
526 _cBR
942 _cBK
_2lcc
999 _c41521
_d41521